<?xml version="1.0" encoding="UTF-8"?>
<record
    xmlns:xsi="http://www.w3.org/2001/XMLSchema-instance"
    xsi:schemaLocation="http://www.loc.gov/MARC21/slim http://www.loc.gov/standards/marcxml/schema/MARC21slim.xsd"
    xmlns="http://www.loc.gov/MARC21/slim">

  <leader>     nam a22        4500</leader>
  <datafield tag="999" ind1=" " ind2=" ">
    <subfield code="c">148354</subfield>
    <subfield code="d">148352</subfield>
  </datafield>
  <controlfield tag="005">20190429140444.0</controlfield>
  <controlfield tag="008">190429b        mx ||||| |||| 00| 0 spa  d</controlfield>
  <datafield tag="020" ind1=" " ind2=" ">
    <subfield code="a">9786079276577 (o.c.)</subfield>
  </datafield>
  <datafield tag="020" ind1=" " ind2=" ">
    <subfield code="a">9786079276836 (volumen) </subfield>
  </datafield>
  <datafield tag="050" ind1="0" ind2="4">
    <subfield code="a">KGF2914 [1814]</subfield>
    <subfield code="b">F59 2014</subfield>
  </datafield>
  <datafield tag="100" ind1="1" ind2=" ">
    <subfield code="a">Fix-Zamudio, H&#xE9;ctor,</subfield>
    <subfield code="d">1924- </subfield>
  </datafield>
  <datafield tag="245" ind1="1" ind2="0">
    <subfield code="a">Reflexiones sobre el Decreto constitucional para la libertad de la Am&#xE9;rica Mexicana : </subfield>
    <subfield code="b">sancionado en Apatzing&#xE1;n el 22 de octubre de 1814</subfield>
    <subfield code="c">/ H&#xE9;ctor Fix Zamudio</subfield>
  </datafield>
  <datafield tag="250" ind1=" " ind2=" ">
    <subfield code="a">1a ed. </subfield>
  </datafield>
  <datafield tag="260" ind1=" " ind2=" ">
    <subfield code="a">M&#xE9;xico :</subfield>
    <subfield code="b">Gobierno de la Rep&#xFA;blica : </subfield>
    <subfield code="b">Senado de la Rep&#xFA;blica, LXII Legislatura : </subfield>
    <subfield code="b">Secretar&#xED;a de Educaci&#xF3;n P&#xFA;blica : </subfield>
    <subfield code="b">Instituto Nacional de Estudios Hist&#xF3;ricos de las Revoluciones de M&#xE9;xico,</subfield>
    <subfield code="c">2014.</subfield>
  </datafield>
  <datafield tag="300" ind1=" " ind2=" ">
    <subfield code="a">359 p. : </subfield>
    <subfield code="b">il.  +</subfield>
    <subfield code="c">31 cm. </subfield>
    <subfield code="e">1 facsimilar (34 p. )</subfield>
  </datafield>
  <datafield tag="490" ind1=" " ind2=" ">
    <subfield code="a"> Biblioteca Mexicana del Conocimiento</subfield>
  </datafield>
  <datafield tag="500" ind1=" " ind2=" ">
    <subfield code="a"> "Centenario Constituci&#xF3;n Pol&#xED;tica de los Estados Unidos Mexicanos 1917-2017"</subfield>
  </datafield>
  <datafield tag="610" ind1="1" ind2="0">
    <subfield code="a">M&#xE9;xico. </subfield>
    <subfield code="x">Constituci&#xF3;n de Apatzing&#xE1;n.</subfield>
  </datafield>
  <datafield tag="650" ind1=" " ind2="7">
    <subfield code="2">lemb</subfield>
    <subfield code="a">Historia constitucional </subfield>
    <subfield code="z">M&#xE9;xico </subfield>
  </datafield>
  <datafield tag="650" ind1=" " ind2="7">
    <subfield code="2">lemb </subfield>
    <subfield code="a">Derecho constitucional </subfield>
    <subfield code="z">M&#xE9;xico </subfield>
  </datafield>
  <datafield tag="942" ind1=" " ind2=" ">
    <subfield code="2">lcc</subfield>
    <subfield code="c">LIB</subfield>
  </datafield>
  <datafield tag="952" ind1=" " ind2=" ">
    <subfield code="1">0</subfield>
    <subfield code="2">lcc</subfield>
    <subfield code="4">0</subfield>
    <subfield code="7">0</subfield>
    <subfield code="a">INV-033</subfield>
    <subfield code="b">INV-033</subfield>
    <subfield code="c">FM</subfield>
    <subfield code="d">2019-04-29</subfield>
    <subfield code="k">CSA</subfield>
    <subfield code="o">KGF2914 [1814]  F59 2014</subfield>
    <subfield code="p">IIH000028387</subfield>
    <subfield code="r">2019-04-29 00:00:00</subfield>
    <subfield code="t">C:1</subfield>
    <subfield code="y">LIB</subfield>
    <subfield code="z">GENERAL</subfield>
  </datafield>
</record>
